| 000 | 01098cpcaa2200313 a 4500 | ||
|---|---|---|---|
| 001 | mm 80004364 | ||
| 003 | DLC | ||
| 005 | 20260227111702.0 | ||
| 008 | 800115|||||||||||| fre | ||
| 010 | _amm 80004364 | ||
| 040 |
_aDLC _cDLC _edacs _dDLC |
||
| 072 | 7 |
_aC _2lcmd |
|
| 100 | 1 | _aValete, Charles. | |
| 245 | 0 | 0 |
_aCharles Valete agreement, _f1791 January 8. |
| 300 |
_a1 _fitem. |
||
| 506 | 0 | _aOpen to research. | |
| 520 | 8 | _aValete's agreement with François Cayol, captain of the ship Les Bons Amis, relating to trade with Port-au-Prince, Haiti. | |
| 545 | 0 | _aFrench merchant. | |
| 546 | _aCollection material in French. | ||
| 580 | _aForms part of: Miscellaneous Manuscripts collection. | ||
| 600 | 1 | 0 | _aCayol, François. |
| 610 | 2 | 0 | _aBons Amis (Ship) |
| 651 | 0 |
_aFrance _xCommerce _zHaiti. |
|
| 651 | 0 |
_aHaiti _xCommerce _zFrance. |
|
| 651 | 0 | _aPort-au-Prince (Haiti) | |
| 656 | 7 |
_aMerchants. _2itoamc |
|
| 999 |
_c42729 _d42729 |
||